[Event "Olomouc 2005, IM C - Agentura 64 Cup"]
[Site "?"]
[Date "2005.??.??"]
[Round "6.4"]
[White "Sluka, Radek"]
[Black "Nadig, Kruttika"]
[Result "1/2-1/2"]
[WhiteElo "2329"]
[BlackElo "2198"]
[PlyCount "120"]
[EventDate "2005.08.03"]

1. Nc3 Nf6 2. e4 e5 3. g3 Nc6 4. Bg2 d6 5. Nge2 Bg4 6. h3 Bh5 7. g4 Bg6 8. d3
Qd7 9. Be3 Be7 10. Qd2 Nd8 11. O-O-O Ne6 12. d4 exd4 13. Nxd4 Nc5 14. f3 O-O-O
15. h4 h6 16. Bh3 Ne6 17. g5 hxg5 18. Ncb5 c5 19. Nxe6 fxe6 20. hxg5 Qxb5 21.
gxf6 Bxf6 22. Bxe6+ Kc7 23. c4 Qe8 24. Rxh8 Qxh8 25. b4 Qe8 26. Bd5 Qe5 27.
bxc5 Qa1+ 28. Kc2 Qxa2+ 29. Kd3 Qxd2+ 30. Rxd2 dxc5 31. Bxc5 b6 32. Be3 Kd6 33.
Rg2 Bh7 34. Ra2 Rd7 35. c5+ bxc5 36. Kc4 Bd4 37. Ra6+ Ke7 38. Re6+ Kf8 39. Bf4
g6 40. Bh6+ Bg7 41. Bxg7+ Rxg7 42. Kxc5 Re7 43. Rc6 g5 44. Kd4 Kg7 45. Rc1 Bg6
46. e5 Bf5 47. Rc6 Bg6 48. Rc8 Be8 49. Rc1 Bg6 50. Rg1 Kh6 51. e6 Bf5 52. Ke5
Kg6 53. Rc1 Bh3 54. Rc8 g4 55. fxg4 Bxg4 56. Rg8+ Rg7 57. Rf8 Bxe6 58. Bxe6 Kh6
59. Rf2 Rg5+ 60. Bf5 Kg7 1/2-1/2

[Event "Olomouc 2005, IM C - Agentura 64 Cup"]
[Site "?"]
[Date "2005.??.??"]
[Round "6.5"]
[White "Aliev, Kerim"]
[Black "Pitl, Gregory"]
[Result "1/2-1/2"]
[WhiteElo "2325"]
[BlackElo "2332"]
[PlyCount "52"]
[EventDate "2005.08.03"]

1. d4 d5 2. c4 c6 3. cxd5 cxd5 4. Nc3 Nf6 5. Nf3 Nc6 6. Bf4 Bf5 7. e3 e6 8. Bb5
Nd7 9. O-O Rc8 10. Rc1 Be7 11. Na4 O-O 12. Bxc6 bxc6 13. Ne5 Nxe5 14. Bxe5 f6
15. Bg3 Qa5 16. Qb3 Rfe8 17. Nc5 Qb6 18. Qc3 e5 19. b3 Bxc5 20. dxc5 Qa6 21. a3
Rb8 22. b4 Rb7 23. f4 Bd3 24. Rfd1 e4 25. Ra1 Qa4 26. Be1 a6 1/2-1/2

[Event "Olomouc 2005, IM C - Agentura 64 Cup"]
[Site "?"]
[Date "2005.??.??"]
[Round "6.6"]
[White "Chytilek, Roman"]
[Black "Krzesaj, Robert"]
[Result "1-0"]
[WhiteElo "2415"]
[BlackElo "2263"]
[PlyCount "51"]
[EventDate "2005.08.03"]

1. e4 c6 2. d4 d5 3. exd5 cxd5 4. Bd3 Nf6 5. c3 Nc6 6. Bf4 Bg4 7. Qb3 Na5 8.
Qa4+ Bd7 9. Qc2 a6 10. a4 e6 11. Nf3 Be7 12. Nbd2 b5 13. Ne5 b4 14. Ndf3 h6 15.
O-O O-O 16. Rfe1 Qb6 17. g4 Rfc8 18. Bxh6 gxh6 19. Qd2 Be8 20. Qxh6 Ne4 21.
Rxe4 Bf8 22. Qg5+ Bg7 23. Rf4 bxc3 24. Qh4 f6 25. Qh7+ Kf8 26. g5 1-0

[Event "Olomouc 2005, IM C - Agentura 64 Cup"]
[Site "?"]
[Date "2005.??.??"]
[Round "7.1"]
[White "Krzesaj, Robert"]
[Black "Tibensky, Robert"]
[Result "1-0"]
[WhiteElo "2263"]
[BlackElo "2444"]
[PlyCount "109"]
[EventDate "2005.08.03"]

1. d4 Nf6 2. Nf3 c5 3. d5 g6 4. Nc3 d6 5. e4 Bg7 6. Be2 O-O 7. O-O Na6 8. Nd2
Nc7 9. a4 b6 10. Nc4 Bb7 11. Re1 Re8 12. Bf4 Qd7 13. h3 Rad8 14. Bf1 Qc8 15.
Qf3 Ba8 16. g4 Rf8 17. Qg3 Nfe8 18. Rad1 Qb7 19. Bg2 f6 20. Bf1 a6 21. Na3 Qb8
22. Bc4 Bb7 23. Rb1 a5 24. Rbd1 Bc8 25. Bc1 e5 26. dxe6 Bxe6 27. Bf4 Bxc4 28.
Nxc4 Ne6 29. Nb5 Rf7 30. Rd5 Bf8 31. Red1 Rfd7 32. c3 Qb7 33. Bxd6 Nxd6 34.
Nbxd6 Qc6 35. Ne8 Kf7 36. Rxd7+ Rxd7 37. Rxd7+ Qxd7 38. Ned6+ Kg8 39. b3 Qc6
40. e5 Bg7 41. Qg2 Qxg2+ 42. Kxg2 Nf4+ 43. Kh2 fxe5 44. Nxb6 Ne2 45. Nb7 Nxc3
46. Nxa5 Kf7 47. Nb7 e4 48. a5 Ke6 49. a6 Be5+ 50. Kg2 Bb8 51. Nc8 Nb5 52.
Nxc5+ Kd5 53. Nd7 Ba7 54. Nxa7 Nxa7 55. Nf6+ 1-0

[Event "Olomouc 2005, IM C - Agentura 64 Cup"]
[Site "?"]
[Date "2005.??.??"]
[Round "7.3"]
[White "Nadig, Kruttika"]
[Black "Aliev, Kerim"]
[Result "0-1"]
[WhiteElo "2198"]
[BlackElo "2325"]
[PlyCount "112"]
[EventDate "2005.08.03"]

1. e4 e5 2. Nf3 Nc6 3. d4 exd4 4. Nxd4 Nf6 5. Nxc6 bxc6 6. e5 Nd5 7. c4 Nb6 8.
b3 Bb4+ 9. Bd2 Bxd2+ 10. Nxd2 Qe7 11. f4 d6 12. Nf3 Bg4 13. Be2 O-O-O 14. Nd2
Bxe2 15. Qxe2 dxe5 16. O-O e4 17. Nxe4 f5 18. Ng3 Qxe2 19. Nxe2 Rhe8 20. Ng3 g6
21. Rfd1 Nd7 22. h3 Nc5 23. Rxd8+ Rxd8 24. Kf2 Rd2+ 25. Ne2 Rb2 26. Kf3 Nd3 27.
Nd4 Nb4 28. Re1 Nxa2 29. Re7 c5 30. Ne6 Rxb3+ 31. Kf2 Nb4 32. Rxc7+ Kb8 33.
Rxh7 Nd3+ 34. Kg1 a5 35. Rh8+ Kb7 36. Rh7+ Kb8 37. Rh8+ Ka7 38. Rc8 Rb6 39.
Nxc5 Nxc5 40. Rxc5 a4 41. Ra5+ Ra6 42. Rd5 a3 43. Rd1 a2 44. Ra1 Kb6 45. g4 Kc5
46. gxf5 gxf5 47. Kf2 Kxc4 48. Kg3 Kb3 49. Kh4 Rg6 50. Re1 Rg2 51. Kh5 Kb2 52.
h4 a1=Q 53. Rxa1 Kxa1 54. Kh6 Rg4 55. h5 Rxf4 56. Kg5 Rf1 0-1

[Event "Olomouc 2005, IM C - Agentura 64 Cup"]
[Site "?"]
[Date "2005.??.??"]
[Round "7.4"]
[White "Rojicek, Vojtech"]
[Black "Sluka, Radek"]
[Result "1-0"]
[WhiteElo "2153"]
[BlackElo "2329"]
[PlyCount "107"]
[EventDate "2005.08.03"]

1. e4 c5 2. Nf3 Nc6 3. d4 cxd4 4. Nxd4 e5 5. Nb5 d6 6. c4 Be6 7. Bd3 Be7 8. b3
a6 9. N5c3 Bg5 10. Bb2 Nf6 11. O-O O-O 12. Na3 g6 13. Nc2 Rc8 14. Nd5 Nh5 15.
g3 Bxd5 16. cxd5 Ne7 17. a4 Qd7 18. Na3 f5 19. Nc4 Rcd8 20. Nb6 Qe8 21. Qc2 f4
22. Qc7 f3 23. Qxb7 Nf4 24. Qxa6 Nc8 25. Bb5 Qe7 26. Kh1 Nxb6 27. Qxb6 Rb8 28.
Qc6 Ne2 29. Qd7 Qxd7 30. Bxd7 Rxb3 31. Rfb1 Rfb8 32. Bb5 Bd8 33. Ba3 Rxb1+ 34.
Rxb1 Nc3 35. Bxd6 Rb6 36. Rb3 Nxb5 37. Bc5 Ra6 38. Rxb5 Rxa4 39. h3 Kf7 40. Rb4
Rxb4 41. Bxb4 Bb6 42. Be1 h5 43. g4 Bd8 44. Bc3 Kf6 45. Kh2 h4 46. Bd2 Kf7 47.
Kg1 Ke8 48. Kf1 Kd7 49. Ke1 Kc8 50. Be3 Kb7 51. Bh6 Ka6 52. Bg7 Ba5+ 53. Kf1
Bc7 54. Bf6 1-0

[Event "Olomouc 2005, IM C - Agentura 64 Cup"]
[Site "?"]
[Date "2005.??.??"]
[Round "7.6"]
[White "Jasny, Stanislav"]
[Black "Groetz, Harald"]
[Result "1/2-1/2"]
[WhiteElo "2341"]
[BlackElo "2303"]
[PlyCount "97"]
[EventDate "2005.08.03"]

1. e4 c5 2. Nf3 d6 3. d4 cxd4 4. Nxd4 Nf6 5. Nc3 Nc6 6. Be3 Ng4 7. Bb5 Nxe3 8.
fxe3 Bd7 9. Bxc6 bxc6 10. O-O e6 11. e5 Be7 12. Qf3 O-O 13. exd6 Bxd6 14. Ne4
Be7 15. Rad1 Qc7 16. Qh5 Rab8 17. Rf3 c5 18. Rh3 h6 19. Nb3 Bc6 20. Nexc5 Bd5
21. c4 Bxc5 22. cxd5 exd5 23. Rxd5 Bb6 24. Qf5 Rbe8 25. Qd3 Qc6 26. Rf5 Qg6 27.
Nd4 Rxe3 28. Rxe3 Bxd4 29. Qxd4 Qxf5 30. a3 Rc8 31. h3 h5 32. Re5 Qf6 33. Qe3
g6 34. Re8+ Rxe8 35. Qxe8+ Kg7 36. Qb8 Qd4+ 37. Kh2 f5 38. b4 f4 39. Qc7+ Kf6
40. Qc6+ Kf7 41. Qc7+ Kf6 42. Qh7 Qe3 43. Qh8+ Kf7 44. Qh7+ Kf6 45. Qh8+ Kf7
46. Qa1 g5 47. Qa2+ Kf8 48. Qd5 Qg3+ 49. Kg1 1/2-1/2

[Event "Olomouc 2005, IM C - Agentura 64 Cup"]
[Site "?"]
[Date "2005.??.??"]
[Round "8.1"]
[White "Tibensky, Robert"]
[Black "Groetz, Harald"]
[Result "1/2-1/2"]
[WhiteElo "2444"]
[BlackElo "2303"]
[PlyCount "30"]
[EventDate "2005.08.03"]

1. d4 d5 2. c4 c6 3. e3 Nf6 4. Nc3 a6 5. Bd3 g6 6. h3 Bg7 7. Nf3 O-O 8. O-O
dxc4 9. Bxc4 b5 10. Bb3 Bb7 11. Qe2 c5 12. Rd1 cxd4 13. exd4 Nbd7 14. Ne5 Nb6
15. Bg5 b4 1/2-1/2

[Event "Olomouc 2005, IM C - Agentura 64 Cup"]
[Site "?"]
[Date "2005.??.??"]
[Round "8.2"]
[White "Jurcik, Marian"]
[Black "Jasny, Stanislav"]
[Result "0-1"]
[WhiteElo "2342"]
[BlackElo "2341"]
[PlyCount "58"]
[EventDate "2005.08.03"]

1. e4 c5 2. Nc3 d6 3. Nge2 Nc6 4. d4 cxd4 5. Nxd4 g6 6. Be3 Bg7 7. Qd2 Nf6 8.
f3 O-O 9. O-O-O d5 10. Kb1 Nxd4 11. e5 Nf5 12. exf6 Bxf6 13. Nxd5 Qxd5 14. Qxd5
Nxe3 15. Qd2 Nxd1 16. Qxd1 Be6 17. Bd3 Rfd8 18. Qe2 Rd5 19. h4 Rb5 20. b3 a5
21. a4 Rb4 22. Bb5 Rc8 23. Rd1 Bxb3 24. cxb3 Rxb3+ 25. Ka2 Rcc3 26. Bc4 Rb4 27.
Bd5 Rxa4+ 28. Kb1 Ra1+ 29. Kxa1 Rc2+ 0-1

[Event "Olomouc 2005, IM C - Agentura 64 Cup"]
[Site "?"]
[Date "2005.??.??"]
[Round "8.3"]
[White "Sluka, Radek"]
[Black "Abdul, Majeed Mohamad"]
[Result "1-0"]
[WhiteElo "2329"]
[BlackElo "2318"]
[PlyCount "47"]
[EventDate "2005.08.03"]

1. e4 e6 2. d4 d5 3. Nc3 Nf6 4. Bg5 dxe4 5. Nxe4 Be7 6. Bxf6 Bxf6 7. Nf3 Nd7 8.
Bc4 O-O 9. O-O Qe7 10. Qe2 c5 11. Nxf6+ Qxf6 12. Rad1 cxd4 13. Rxd4 Qe7 14.
Rfd1 Nf6 15. g4 Qc7 16. g5 Nd5 17. Bd3 g6 18. Ne5 Qe7 19. h4 Qc5 20. Bc4 Ne7
21. Ng4 b5 22. b4 Qb6 23. Qe5 Nf5 24. Nf6+ 1-0

[Event "Olomouc 2005, IM C - Agentura 64 Cup"]
[Site "?"]
[Date "2005.??.??"]
[Round "8.5"]
[White "Chytilek, Roman"]
[Black "Nadig, Kruttika"]
[Result "1/2-1/2"]
[WhiteElo "2415"]
[BlackElo "2198"]
[PlyCount "105"]
[EventDate "2005.08.03"]

1. c4 Nf6 2. Nc3 d5 3. cxd5 Nxd5 4. e4 Nxc3 5. dxc3 Qxd1+ 6. Kxd1 e5 7. Nf3 f6
8. Bc4 Nd7 9. Re1 Nb6 10. Bb3 Bc5 11. Ke2 Bd7 12. a4 a5 13. Nh4 g6 14. g3 Bc6
15. f3 O-O-O 16. Ng2 f5 17. exf5 gxf5 18. Be3 Bxe3 19. Nxe3 f4 20. Nf5 Kb8 21.
gxf4 exf4 22. Nd4 Bd5 23. Kf2 c5 24. Bxd5 Rxd5 25. Nb3 Rh5 26. Kg2 Nc4 27. Re4
Rg8+ 28. Kh1 Nxb2 29. Nxa5 Nd3 30. Re2 Re5 31. Rg2 Rxg2 32. Kxg2 Re2+ 33. Kh3
Rf2 34. Kg4 h5+ 35. Kxh5 Rxf3 36. Rb1 Rh3+ 37. Kg4 Rxh2 38. Rxb7+ Kc8 39. Re7
Rg2+ 40. Kf3 Rf2+ 41. Kg4 Ra2 42. Nc4 Kd8 43. Ra7 Rg2+ 44. Kf3 Rf2+ 45. Ke4 Ne1
46. Ne5 f3 47. Kd5 Rd2+ 48. Ke6 Re2 49. Kd6 Rd2+ 50. Ke6 Kc8 51. Nc6 f2 52.
Ne7+ Kb8 53. Nc6+ 1/2-1/2

[Event "Olomouc 2005, IM C - Agentura 64 Cup"]
[Site "?"]
[Date "2005.??.??"]
[Round "8.6"]
[White "Krzesaj, Robert"]
[Black "Pitl, Gregory"]
[Result "1/2-1/2"]
[WhiteElo "2263"]
[BlackElo "2332"]
[PlyCount "27"]
[EventDate "2005.08.03"]

1. d4 d5 2. c4 c6 3. cxd5 cxd5 4. Nc3 Nf6 5. Bf4 Nc6 6. e3 a6 7. Nf3 Bg4 8. h3
Bxf3 9. Qxf3 e6 10. Be2 Bd6 11. O-O O-O 12. Rac1 Rc8 13. Bg5 Be7 14. Bd3
1/2-1/2

[Event "Olomouc 2005, IM C - Agentura 64 Cup"]
[Site "?"]
[Date "2005.??.??"]
[Round "9.2"]
[White "Nadig, Kruttika"]
[Black "Krzesaj, Robert"]
[Result "0-1"]
[WhiteElo "2198"]
[BlackElo "2263"]
[PlyCount "82"]
[EventDate "2005.08.03"]

1. e4 c6 2. d4 d5 3. exd5 cxd5 4. c4 Nf6 5. Nc3 e6 6. Nf3 Be7 7. c5 O-O 8. Bd3
b6 9. b4 a5 10. Na4 Nbd7 11. a3 axb4 12. axb4 bxc5 13. dxc5 e5 14. Be2 d4 15.
O-O Bb7 16. Bb5 Qc7 17. Bg5 Bc6 18. Bc4 Rfb8 19. Bd2 Ne4 20. Be1 Ng5 21. Nxg5
Bxg5 22. Qh5 h6 23. Qxf7+ Kh8 24. f4 Bxf4 25. Bb3 Rf8 26. Qc4 Bxa4 27. Rxa4
Rxa4 28. Bxa4 Nb6 29. Qb5 Nxa4 30. Qxa4 Be3+ 31. Bf2 Qf7 32. Qc2 d3 33. Qxd3
Bxf2+ 34. Kh1 Qe7 35. Qe2 Bd4 36. h3 Rxf1+ 37. Qxf1 e4 38. c6 Bb6 39. Qa6 e3
40. Qe2 Qxb4 41. Qf1 Bc7 0-1

[Event "Olomouc 2005, IM C - Agentura 64 Cup"]
[Site "?"]
[Date "2005.??.??"]
[Round "9.3"]
[White "Rojicek, Vojtech"]
[Black "Chytilek, Roman"]
[Result "0-1"]
[WhiteElo "2153"]
[BlackElo "2415"]
[PlyCount "82"]
[EventDate "2005.08.03"]

1. e4 c6 2. d4 d5 3. e5 c5 4. dxc5 e6 5. Nd2 Nc6 6. Ngf3 Bxc5 7. Nb3 Bb6 8. Bd3
Nge7 9. Bf4 Ng6 10. Bg3 O-O 11. c3 f5 12. exf6 gxf6 13. Qd2 f5 14. O-O-O Qf6
15. Bc2 e5 16. Qh6 e4 17. Nh4 Be6 18. Nxg6 Qxg6 19. Qxg6+ hxg6 20. Nd4 Nxd4 21.
cxd4 f4 22. Bh4 Rf7 23. Bb3 Kg7 24. Bg5 Ba5 25. Kb1 Rc8 26. Rc1 Rxc1+ 27. Rxc1
Bd2 28. Rf1 e3 29. fxe3 Bf5+ 30. Ka1 fxe3 31. Rf3 Rc7 32. a4 Rc1+ 33. Ka2 Bb1+
34. Ka3 Be4 35. Bxe3 Ra1+ 36. Ba2 Bxf3 37. Bxd2 Bxg2 38. b4 Rf1 39. b5 Rf3+ 40.
Kb4 Rd3 41. Bc4 Rxd2 0-1

[Event "Olomouc 2005, IM C - Agentura 64 Cup"]
[Site "?"]
[Date "2005.??.??"]
[Round "9.5"]
[White "Jasny, Stanislav"]
[Black "Sluka, Radek"]
[Result "0-1"]
[WhiteElo "2341"]
[BlackElo "2329"]
[PlyCount "52"]
[EventDate "2005.08.03"]

1. e4 c5 2. Nf3 d6 3. d4 cxd4 4. Nxd4 Nf6 5. Nc3 g6 6. Be3 Bg7 7. f3 O-O 8. Qd2
Nc6 9. Bc4 Bd7 10. O-O-O Rc8 11. Bb3 Ne5 12. h4 h5 13. Bg5 Rc5 14. Kb1 b5 15.
g4 a5 16. Bxf6 Bxf6 17. gxh5 a4 18. hxg6 axb3 19. gxf7+ Kxf7 20. Nxb3 Nc4 21.
Qf4 Na3+ 22. Kc1 b4 23. Nxc5 bxc3 24. bxc3 Qa5 25. Nxd7 Qxc3 26. Rh2 Nc4 0-1

[Event "Olomouc 2005, IM C - Agentura 64 Cup"]
[Site "?"]
[Date "2005.??.??"]
[Round "9.6"]
[White "Groetz, Harald"]
[Black "Jurcik, Marian"]
[Result "1-0"]
[WhiteElo "2303"]
[BlackElo "2342"]
[PlyCount "109"]
[EventDate "2005.08.03"]

1. e4 e5 2. d4 exd4 3. Qxd4 Nc6 4. Qe3 Nf6 5. Bd2 Be7 6. Nc3 d5 7. exd5 Nxd5 8.
Qg3 Nxc3 9. Bxc3 Bf6 10. Bb5 Bxc3+ 11. Qxc3 O-O 12. Ne2 Bd7 13. O-O Qg5 14. a4
a6 15. Bd3 Rfe8 16. Ng3 Re7 17. f4 Qa5 18. Qxa5 Nxa5 19. b4 Nc6 20. b5 Nb4 21.
Be4 axb5 22. axb5 Rxa1 23. Rxa1 c6 24. c3 Nd5 25. Bxd5 cxd5 26. Nf5 Re8 27. Nd6
Rb8 28. Rd1 Kf8 29. Rxd5 Ke7 30. Ne4 b6 31. Kf2 Be6 32. Rd4 Rc8 33. Ra4 Bd5 34.
Ra7+ Ke6 35. f5+ Ke5 36. Re7+ Kf4 37. g3+ Kg4 38. f6 g6 39. Nd6 Rxc3 40. Nxf7
Rf3+ 41. Ke2 Rxf6 42. Ne5+ Kf5 43. Nd7 Rd6 44. Re5+ Kg4 45. Rxd5 Re6+ 46. Kf2
Kh3 47. Ne5 h6 48. Kg1 g5 49. Nd3 Kg4 50. Kg2 Re2+ 51. Nf2+ Kh5 52. Kf3 Re6 53.
Nd3 Kg6 54. Ne5+ Kf5 55. Nc6+ 1-0

[Event "Olomouc 2005, IM C - Agentura 64 Cup"]
[Site "?"]
[Date "2005.??.??"]
[Round "10.1"]
[White "Tibensky, Robert"]
[Black "Jurcik, Marian"]
[Result "1/2-1/2"]
[WhiteElo "2444"]
[BlackElo "2342"]
[PlyCount "27"]
[EventDate "2005.08.03"]

1. d4 Nf6 2. Nf3 e6 3. e3 b6 4. Bd3 Bb7 5. O-O d5 6. c4 dxc4 7. Bxc4 Nbd7 8.
Nc3 Be7 9. Qe2 c5 10. e4 O-O 11. e5 Bxf3 12. gxf3 Nh5 13. f4 cxd4 14. Nb5
1/2-1/2

[Event "Olomouc 2005, IM C - Agentura 64 Cup"]
[Site "?"]
[Date "2005.??.??"]
[Round "10.2"]
[White "Sluka, Radek"]
[Black "Groetz, Harald"]
[Result "1-0"]
[WhiteElo "2329"]
[BlackElo "2303"]
[PlyCount "79"]
[EventDate "2005.08.03"]

1. e4 c5 2. Nf3 d6 3. d4 cxd4 4. Nxd4 Nf6 5. Nc3 Nc6 6. Bc4 e6 7. Be3 a6 8. Qe2
Qc7 9. O-O-O Na5 10. Bd3 b5 11. f4 b4 12. Nb1 Be7 13. Nd2 Bb7 14. Bf2 Nd7 15.
Kb1 Nc5 16. N4b3 Naxb3 17. Nxb3 Nxd3 18. cxd3 a5 19. Bd4 O-O 20. Qg4 e5 21. Rc1
Qd8 22. fxe5 dxe5 23. Bxe5 Qxd3+ 24. Ka1 g6 25. Rc7 Bc8 26. Qf4 g5 27. Qc1 Qd8
28. Nd4 Bd7 29. Rd1 Qe8 30. h4 f6 31. Bg3 Bd8 32. Rb7 Rc8 33. Qd2 Bg4 34. Re1
Qg6 35. hxg5 fxg5 36. Qd3 Re8 37. a3 bxa3 38. Qxa3 Bb6 39. Qb3+ Be6 40. Nxe6
1-0

[Event "Olomouc 2005, IM C - Agentura 64 Cup"]
[Site "?"]
[Date "2005.??.??"]
[Round "10.4"]
[White "Chytilek, Roman"]
[Black "Abdul, Majeed Mohamad"]
[Result "1-0"]
[WhiteElo "2415"]
[BlackElo "2318"]
[PlyCount "59"]
[EventDate "2005.08.03"]

1. e4 e6 2. d4 d5 3. Nc3 Nf6 4. Bg5 dxe4 5. Nxe4 Be7 6. Bxf6 Bxf6 7. Nf3 Nd7 8.
Qd2 O-O 9. O-O-O b6 10. Bc4 Bb7 11. d5 b5 12. Bb3 c5 13. Nd6 Bxd5 14. Bxd5 exd5
15. Qxd5 Nb6 16. Qe4 Na4 17. Ne5 Qa5 18. f4 c4 19. c3 Nc5 20. Qd5 Bxe5 21. fxe5
Nd3+ 22. Rxd3 cxd3 23. Nxf7 Rxf7 24. Qxa8+ Rf8 25. Qd5+ Kh8 26. Rd1 Rd8 27. Qe4
Qxa2 28. Rxd3 Rf8 29. Rf3 Rd8 30. Qd4 1-0

[Event "Olomouc 2005, IM C - Agentura 64 Cup"]
[Site "?"]
[Date "2005.??.??"]
[Round "10.6"]
[White "Pitl, Gregory"]
[Black "Nadig, Kruttika"]
[Result "1-0"]
[WhiteElo "2332"]
[BlackElo "2198"]
[PlyCount "135"]
[EventDate "2005.08.03"]

1. e4 c5 2. Nf3 Nc6 3. d4 cxd4 4. Nxd4 Nf6 5. Nc3 e5 6. Ndb5 d6 7. Nd5 Nxd5 8.
exd5 Ne7 9. c3 Ng6 10. Qa4 Bd7 11. Qb4 Qb8 12. Qc4 Kd8 13. Be3 f5 14. f3 b6 15.
a4 a6 16. Na3 b5 17. axb5 axb5 18. Qb3 Be7 19. Be2 Nf4 20. Bxf4 exf4 21. O-O b4
22. cxb4 Ba4 23. Qc4 Bf6 24. Rab1 Qb6+ 25. Kh1 Qd4 26. b5 Rc8 27. Qxd4 Bxd4 28.
b3 Rc3 29. b6 Bc5 30. Ra1 Rxb3 31. Nc4 Rb4 32. Rfb1 Rxb1+ 33. Rxb1 Ke7 34. Na5
Rb8 35. b7 Kd7 36. Ra1 Bc2 37. Ra2 Bb3 38. Nxb3 Rxb7 39. Bc4 Rb4 40. Rc2 Be3
41. g3 g5 42. Kg2 Ke7 43. Na5 Rb1 44. Bf1 Rd1 45. Nc4 Rxd5 46. Re2 Kf6 47. Nxe3
fxe3 48. Rxe3 Rd2+ 49. Re2 Rd1 50. f4 g4 51. Kf2 d5 52. Ra2 d4 53. Ke2 Rb1 54.
Bg2 Rb3 55. Bd5 Rb4 56. Kd3 Ke7 57. Bc4 Kf6 58. Kxd4 Rb1 59. Bd3 Rh1 60. Ra6+
Kg7 61. Ke5 Rxh2 62. Kxf5 h5 63. Ra7+ Kf8 64. Kf6 Ke8 65. Bf5 Kd8 66. Rd7+ Ke8
67. Rh7 Kd8 68. Bxg4 1-0

[Event "Open Olomouc 2005"]
[Site "?"]
[Date "2005.??.??"]
[Round "1.1"]
[White "OLEKSIENKO, MIKHAILO."]
[Black "MATL, ROSTISLAV."]
[Result "1-0"]
[WhiteElo "2487"]
[BlackElo "2024"]
[PlyCount "65"]
[EventDate "2005.08.04"]

1. e4 e5 2. Nf3 Nc6 3. Bb5 a6 4. Ba4 Nf6 5. O-O Be7 6. Re1 d6 7. c3 Bg4 8. h3
Bh5 9. d3 O-O 10. Bxc6 bxc6 11. Nbd2 Nd7 12. Nf1 Bg6 13. Ng3 f5 14. exf5 Bxf5
15. Nxf5 Rxf5 16. d4 c5 17. dxe5 Nxe5 18. Nxe5 dxe5 19. Qg4 g6 20. Qc4+ Kg7 21.
Be3 Qf8 22. Rad1 Bd6 23. Rd5 Qf7 24. Qe4 Rf8 25. f3 Rb8 26. b3 Qf8 27. Qc4 Qf7
28. Bxc5 Rb5 29. Re4 Kg8 30. b4 Bxc5+ 31. Rxc5 Rxc5 32. Qxc5 Qxa2 33. Qc4+ 1-0

[Event "Open Olomouc 2005"]
[Site "?"]
[Date "2005.??.??"]
[Round "1.2"]
[White "ASKAR, M.A."]
[Black "KRYVORUCHKO, YURIY."]
[Result "0-1"]
[WhiteElo "2023"]
[BlackElo "2476"]
[PlyCount "94"]
[EventDate "2005.08.04"]

1. d4 Nf6 2. Nf3 c5 3. d5 b5 4. c4 d6 5. cxb5 a6 6. bxa6 Bxa6 7. Nc3 g6 8. e4
Bxf1 9. Kxf1 Bg7 10. g3 O-O 11. Kg2 Nbd7 12. Re1 Ra6 13. e5 dxe5 14. Nxe5 Nxe5
15. Rxe5 Rd6 16. Bg5 h6 17. Bxf6 Bxf6 18. Re3 e6 19. Rd3 Bg7 20. Rb1 Qa8 21.
Ne4 c4 22. Nxd6 cxd3 23. Qxd3 Rd8 24. Nb5 Rxd5 25. Qe4 Qxa2 26. Nc3 Bxc3 27.
bxc3 Qd2 28. Rb8+ Kh7 29. Qb4 Rf5 30. Qd4 Qxd4 31. cxd4 Rd5 32. Rb4 g5 33. Kf3
Kg6 34. Rc4 Rf5+ 35. Ke3 Ra5 36. Rc3 Ra1 37. Rc2 Rh1 38. f3 Kf6 39. Re2 h5 40.
Ke4 Rf1 41. Ke3 Kf5 42. Rf2 Rh1 43. Rd2 Kf6 44. Re2 Rg1 45. Kf2 Rd1 46. Ke3 h4
47. Rd2 Rh1 0-1

[Event "Open Olomouc 2005"]
[Site "?"]
[Date "2005.??.??"]
[Round "1.3"]
[White "VENKATESH, MARANI RAJENDRAN."]
[Black "ANDERSEN, CARSTEN."]
[Result "1-0"]
[WhiteElo "2435"]
[BlackElo "2019"]
[PlyCount "51"]
[EventDate "2005.08.04"]

1. e4 e5 2. Nf3 Nc6 3. Bb5 d6 4. d4 Bd7 5. Bxc6 Bxc6 6. Nc3 exd4 7. Nxd4 g6 8.
Nxc6 bxc6 9. Qd4 Qf6 10. Qa4 Kd7 11. O-O Bg7 12. Rd1 Ne7 13. Nd5 Qe6 14. Bg5 f6
15. Bf4 g5 16. Nxc7 Kxc7 17. Rxd6 Qxd6 18. Bxd6+ Kxd6 19. Rd1+ Kc7 20. Qa5+ Kc8
21. Qd2 Nd5 22. exd5 Rd8 23. d6 Rd7 24. Qc3 Kb7 25. Qb3+ Kc8 26. Qe6 1-0

[Event "Open Olomouc 2005"]
[Site "?"]
[Date "2005.??.??"]
[Round "1.4"]
[White "GREEN, PER."]
[Black "DOBREV, NANKO."]
[Result "0-1"]
[WhiteElo "2000"]
[BlackElo "2426"]
[PlyCount "66"]
[EventDate "2005.08.04"]

1. Nf3 Nf6 2. c4 e6 3. Nc3 d5 4. d4 Be7 5. Bg5 O-O 6. e3 h6 7. Bh4 b6 8. Rc1
Bb7 9. cxd5 exd5 10. Bd3 Ne4 11. Bxe7 Qxe7 12. O-O c5 13. Bb1 Nd7 14. dxc5 Nxc3
15. Rxc3 bxc5 16. Qd3 g6 17. Rd1 Rfe8 18. Rcc1 Rab8 19. b3 Ba8 20. h3 Rb4 21.
Qc3 a5 22. a3 Rb6 23. Ba2 Rf6 24. Nh2 d4 25. Qe1 h5 26. Bb1 Re6 27. Nf1 Qg5 28.
g3 Qd5 29. e4 Rxe4 30. Bxe4 Rxe4 31. Qxa5 Re8 32. f3 Qxf3 33. Rd2 Qh1+ 0-1

[Event "Open Olomouc 2005"]
[Site "?"]
[Date "2005.??.??"]
[Round "1.5"]
[White "KRAPIVIN, VLADISLAV."]
[Black "PAHORECKY, JUN. JIRI."]
[Result "1/2-1/2"]
[WhiteElo "2410"]
[BlackElo "1996"]
[PlyCount "140"]
[EventDate "2005.08.04"]

1. e4 c5 2. Nc3 Nc6 3. g3 g6 4. Bg2 Bg7 5. d3 d6 6. f4 e6 7. Nf3 Nge7 8. O-O
O-O 9. Be3 Rb8 10. e5 dxe5 11. fxe5 Nxe5 12. Bxc5 Nxf3+ 13. Qxf3 b6 14. Qf4 Ba6
15. Bd6 Rc8 16. Qb4 Re8 17. Qa3 Nf5 18. Bf4 Bxc3 19. bxc3 Bb5 20. c4 Bc6 21.
Bxc6 Rxc6 22. Rae1 Qe7 23. Qb2 Qc5+ 24. Rf2 Qd4 25. Qa3 b5 26. Be5 Qb6 27. cxb5
Rxc2 28. d4 Rxf2 29. Kxf2 Nxd4 30. Qe3 Nxb5 31. Qxb6 axb6 32. Rb1 Na3 33. Rc1
b5 34. Rc7 Nc4 35. Bf6 Nd6 36. Kf3 Rc8 37. Rd7 Ne8 38. Bd4 h5 39. Rb7 Nd6 40.
Rb6 Nf5 41. Bf6 Ra8 42. h3 Ng7 43. Rxb5 Rxa2 44. Rb8+ Kh7 45. g4 hxg4+ 46. hxg4
g5 47. Bxg5 Kg6 48. Be3 Ra3 49. Ke2 Ra2+ 50. Kf3 Ra3 51. Ke2 Ra2+ 52. Kf3 Ra3
53. Rh8 f5 54. Rh6+ Kf7 55. g5 e5 56. Ke2 Ra2+ 57. Kf3 Ra3 58. Ke2 Ra2+ 59. Kf3
Ra3 60. Rf6+ Ke7 61. Ke2 Ra2+ 62. Kd1 Ra5 63. Bd2 Rb5 64. Bc1 Ra5 65. Bd2 Rb5
66. Bc1 Ra5 67. Bd2 Rb5 68. Bc1 Ra5 69. Bd2 Rb5 70. Bc1 Ra5 1/2-1/2

[Event "Open Olomouc 2005"]
[Site "?"]
[Date "2005.??.??"]
[Round "1.6"]
[White "ZDRAZIL, TOMAS."]
[Black "ISMAGAMBETOV, ANAUR."]
[Result "0-1"]
[WhiteElo "1995"]
[BlackElo "2408"]
[PlyCount "78"]
[EventDate "2005.08.04"]

1. e4 c5 2. Nf3 Nc6 3. d4 cxd4 4. Nxd4 e5 5. Nb5 d6 6. N1c3 a6 7. Na3 b5 8. Nd5
Nce7 9. c4 Nxd5 10. cxd5 Be7 11. Bd3 Nf6 12. O-O O-O 13. Nc2 Bd7 14. f4 exf4
15. Bxf4 Ng4 16. Qf3 Ne5 17. Bxe5 dxe5 18. Ne3 Bc5 19. Kh1 Qg5 20. Nf5 Bxf5 21.
Qxf5 Qxf5 22. Rxf5 Bd4 23. Rb1 Rfc8 24. g3 Kf8 25. Kg2 Ke7 26. Rbf1 f6 27. Rb1
Rc7 28. Rff1 Rac8 29. Kf3 Rc5 30. Ke2 R8c7 31. Kd2 Kd6 32. Rfc1 a5 33. Rf1 Rc8
34. Ke2 b4 35. b3 Rc3 36. Rfe1 h5 37. Bc4 Rc2+ 38. Kd3 Rxh2 39. Re2 Rh3 0-1

[Event "Open Olomouc 2005"]
[Site "?"]
[Date "2005.??.??"]
[Round "1.8"]
[White "PREISER, HENRIK."]
[Black "KIREEV, ALEKSEI."]
[Result "0-1"]
[WhiteElo "1984"]
[BlackElo "2396"]
[PlyCount "46"]
[EventDate "2005.08.04"]

1. e4 d6 2. d4 g6 3. Bf4 c6 4. Nf3 d5 5. e5 h5 6. Bd3 Bg4 7. c3 e6 8. Nbd2 Nh6
9. Qc2 Bf5 10. Ng5 Be7 11. Ndf3 Nd7 12. Bd2 c5 13. Bxf5 Nxf5 14. Qd3 Qb6 15. b3
Rc8 16. Rc1 O-O 17. O-O Rc7 18. b4 cxd4 19. cxd4 Rfc8 20. b5 Rc4 21. a4 Kg7 22.
Be3 Qa5 23. Rxc4 Rxc4 0-1

[Event "Open Olomouc 2005"]
[Site "?"]
[Date "2005.??.??"]
[Round "1.9"]
[White "POOBESH, ANAND S."]
[Black "STEINHAUSER, ANTONIN."]
[Result "1-0"]
[WhiteElo "2372"]
[BlackElo "1984"]
[PlyCount "73"]
[EventDate "2005.08.04"]

1. d4 Nf6 2. c4 g6 3. Nc3 Bg7 4. e4 d6 5. Bd3 Nc6 6. Nge2 Nd7 7. Bc2 e5 8. d5
Nb4 9. Bb1 O-O 10. a3 Na6 11. O-O Kh8 12. Kh1 Nb6 13. Ba2 f5 14. exf5 gxf5 15.
f3 Qh4 16. Be3 f4 17. Bf2 Qh5 18. Ne4 Bf5 19. N2c3 Nd7 20. Bb1 Nf6 21. b4 Rg8
22. Rg1 Nxe4 23. Bxe4 Bd7 24. Qe1 Raf8 25. Ne2 Rf6 26. g4 Qe8 27. Bh4 Rf7 28.
Nc3 Bf6 29. Bxf6+ Rxf6 30. Qh4 Qe7 31. Bxh7 Rg7 32. Bf5+ Kg8 33. Ne4 Rf8 34.
Qh6 Nb8 35. Bxd7 Nxd7 36. g5 Rh7 37. Nf6+ 1-0